Normal view
MARC view
- تأليف: ياقوت الحموي، شهاب الدين ابي عبدالله الرومي البغدادي؛ تحقيق: فريد عبد العزيز الجندي
Entry Personal Name
001 - CONTROL NUMBER
- control field: 59094
003 - CONTROL NUMBER IDENTIFIER
- control field: JO-AjAnu
005 - DATE AND TIME OF LATEST TRANSACTION
- control field: 20230606083651.0
008 - FIXED-LENGTH DATA ELEMENTS
- fixed length control field: 230606|| aca||aabn | a|a d
040 ## - CATALOGING SOURCE
- Original cataloging agency: JO-AjAnu
- Transcribing agency: JO-AjAnu
100 ## - HEADING--PERSONAL NAME
- Personal name: تأليف: ياقوت الحموي، شهاب الدين ابي عبدالله الرومي البغدادي؛ تحقيق: فريد عبد العزيز الجندي
670 ## - SOURCE DATA FOUND
- Source citation: Work cat.: (JO-AjAnu)30143: تأليف: ياقوت الحموي، شهاب الدين ابي عبدالله الرومي البغدادي؛ تحقيق: فريد عبد العزيز الجندي, author, معجم البلدان، ج2